SPECIAL FUNCTIONS AND COMPLEX VARIABLES (ENGINEERING MATHEMATICS III) (Record no. 9460)
[ view plain ]
| 000 -LEADER | |
|---|---|
| fixed length control field | 00698nam a22001697a 4500 |
| 003 - CONTROL NUMBER IDENTIFIER | |
| control field | SGT |
| 020 ## - INTERNATIONAL STANDARD BOOK NUMBER | |
| International Standard Book Number | 9788120341937 |
| 082 ## - DEWEY DECIMAL CLASSIFICATION NUMBER | |
| Classification number | 510,BAT |
| 100 ## - MAIN ENTRY--PERSONAL NAME | |
| Personal name | BATHUL,SHANAZ |
| 245 ## - TITLE STATEMENT | |
| Title | SPECIAL FUNCTIONS AND COMPLEX VARIABLES (ENGINEERING MATHEMATICS III) |
| 250 ## - EDITION STATEMENT | |
| Edition statement | 2ND |
| 260 ## - PUBLICATION, DISTRIBUTION, ETC. (IMPRINT) | |
| Place of publication, distribution, etc | NEW DELHI |
| Name of publisher, distributor, etc | PHI |
| Year of Publication | 2010 |
| 300 ## - PAGE DESCRIPTION | |
| No. of Pages | 525 |
| 650 ## - SUBJECT ADDED ENTRY--TOPICAL TERM | |
| Topical term or geographic name as entry element | MATHEMATICS |
| 653 ## - KEYWORDS--INDEX TERM | |
| Keyword term | 1. LINEAR ORDINARY DIFFERENTIAL EQUATIONS WITH VARIABLE COEFFICIENTS AND SERIES SOLUTIONS 2. SPECIAL FUNCTIONS 3. COMPLEX FUNCTIONS: DIFFERENTIATION AND INTEGRATION 4. POWER SERIES EXPANSIONS OF COMPLEX FUNCTIONS AND CONTOUR INTEGRATION 5. THE CONFORMAL MAPPINGS 6. ARGUMENT PRINCIPLE AND ROUCHE’S THEOREM |
| 942 ## - ADDED ENTRY ELEMENTS (KOHA) | |
| Source of classification or shelving scheme | Dewey Decimal Classification |
| Koha item type | FPS Books |
| Withdrawn status | Lost status | Source of classification or shelving scheme | Damaged status | Not for loan | Collection code | Home library | Current library | Shelving location | Date acquired | Vendor Name | Cost, normal purchase price | SGTU | Bill Number | Full call number | Accession No. (Barcode) | Date last seen | Bill Date | Koha item type |
|---|---|---|---|---|---|---|---|---|---|---|---|---|---|---|---|---|---|---|
| Dewey Decimal Classification | Not For Loan | SCIENCE | SGT Science & Social Sciences Library | SGT Science & Social Sciences Library | Reference Book | 04/07/2016 | AHUJA BOOKS | 295.00 | SGTU | 6884 | 510,BAT | PS1859 | 04/07/2016 | 21/04/2016 | FPS Books |